|
|
|
|
| LEADER |
01311nam a2200313 a 4500 |
| 001 |
24683 |
| 003 |
BD-DhAAL |
| 008 |
120313s2011 bg b 000 0 eng |
| 999 |
|
|
|c 11959
|d 11959
|
| 010 |
|
|
|a 2011351721
|
| 020 |
|
|
|a 9789845060318
|
| 040 |
|
|
|a DLC
|c DLC
|d DLC
|d BD-DhAAL
|
| 042 |
|
|
|a lcode
|
| 043 |
|
|
|a a-bg---
|
| 050 |
0 |
0 |
|a HD6250.A-ZB.x2 (H75)+
|
| 082 |
0 |
0 |
|a 331.31095492
|2 22
|
| 100 |
1 |
|
|a Khair, Sumaiya.
|9 51145
|
| 245 |
1 |
0 |
|a Child labour revisited :
|b gender, culture, economics, and human rights /
|c Sumaiya Khair.
|
| 260 |
|
|
|a Dhaka :
|b University Press Limited,
|c 2011.
|
| 300 |
|
|
|a xii, 239 pages ;
|c 22 cm.
|
| 504 |
|
|
|a Includes bibliographical references (pages [215]-232).
|
| 526 |
|
|
|a GenEd
|
| 541 |
|
|
|a Book Finder International
|e 24683, 39487
|
| 650 |
|
0 |
|a Child labor
|z Bangladesh.
|9 51146
|
| 650 |
|
0 |
|a Economics.
|9 51147
|
| 852 |
1 |
|
|a Ayesha Abed Library
|c General Stacks
|
| 942 |
|
|
|2 ddc
|c BK
|
| 952 |
|
|
|0 0
|1 0
|2 ddc
|4 0
|6 331_310954920000000_KHA
|7 0
|9 19638
|a IGS
|b IGS
|c GEN
|d 2012-03-14
|e TRIM EDUCATION
|l 1
|m 3
|o 331.31095492 KHA
|p 3010024683
|r 2014-06-09
|s 2012-12-31
|t 1
|w 2012-03-14
|y BK
|
| 952 |
|
|
|0 0
|1 0
|2 ddc
|4 0
|6 331_310954920000000_KHA
|7 0
|9 71538
|a SCL
|b SCL
|c GEN
|d 2022-08-03
|e Book Finder International
|g 522.89
|l 1
|m 12
|o 331.31095492 KHA
|p 3020039487
|r 2026-02-02
|s 2025-11-18
|t 2
|v 0.00
|w 2022-08-03
|y BK
|